000 00874cam a22002294a 4500
005 20250605164314.0
008 250528s ||||||||||||||||||||||||d
035 _a22624
020 _a9780632055142
040 _aGR-AtMCL
_bgre
_dGR-AtMCL
_eAACR2
245 1 _aCIVIL ENGINEERING HYDRAULICS
250 _a4
260 _bBlackwell,
_c2001
300 _a430
505 0 _aPROPERTIES OF FLUIDS FLUIDS STATICS FLUID FLOW CONCEPTS AND MEASUREMENTS FLOW OF INCOMPRESSIBLE FLUIDS IN PIPELINES PIPE NETWORK ANALYSIS PUMP-PIPELINE SYSTEM ANALYSIS AND DESIGN
520 _aPROPERTIES OF FLUIDS FLUIDS STATICS FLUID FLOW CONCEPTS AND MEASUREMENTS FLOW OF INCOMPRESSIBLE FLUIDS IN PIPELINES PIPE NETWORK ANALYSIS PUMP-PIPELINE SYSTEM ANALYSIS AND DESIGN
700 1 _aNalluri C
_98383
942 _cBK
710 2 _aFeatherstone R.E
_99812
999 _c7672
_d7672